The study on artifcial insemination of pigs at prek samrong animal station, (ការសិក្សាអំពីការបង្កាត់ពូជជ្រូកដោយសិប្បនិមិ្មត នៅស្ថានីយ៍ចិញ្ចឹមសត្វព្រែកសំរោង) (Record no. 2339)

000 -LEADER
fixed length control field 00667nam a22001337a 4500
040 ## - CATALOGING SOURCE
Transcribing agency RUA
082 ## - DEWEY DECIMAL CLASSIFICATION NUMBER
Classification number AVM SEO 2009 B088 Or.1
100 ## - MAIN ENTRY--AUTHOR NAME
Personal name SEOUN RATANAK
245 ## - TITLE STATEMENT
Title The study on artifcial insemination of pigs at prek samrong animal station, (ការសិក្សាអំពីការបង្កាត់ពូជជ្រូកដោយសិប្បនិមិ្មត នៅស្ថានីយ៍ចិញ្ចឹមសត្វព្រែកសំរោង)
260 ## - PUBLICATION, DISTRIBUTION, ETC. (IMPRINT)
Place of publication phnom penh
Name of publisher rua
Year of publication 2009
300 ## - PHYSICAL DESCRIPTION
Number of Pages x, 49p.
Other physical details ill.
Dimensions 29cm.
856 ## - ELECTRONIC LOCATION AND ACCESS
Uniform Resource Identifier https://drive.google.com/file/d/1jpMXsQJ6-LaAKgkbAdcW1SCdyNNRO7Um/view?usp=sharing
942 ## - ADDED ENTRY ELEMENTS (KOHA)
Koha item type AVM
952 ## - LOCATION AND ITEM INFORMATION (KOHA)
Withdrawn status [LOCAL, KOHA] 0
952 ## - LOCATION AND ITEM INFORMATION (KOHA)
Withdrawn status [LOCAL, KOHA] 0
952 ## - LOCATION AND ITEM INFORMATION (KOHA)
Withdrawn status [LOCAL, KOHA] 0
952 ## - LOCATION AND ITEM INFORMATION (KOHA)
Withdrawn status [LOCAL, KOHA] 0
952 ## - LOCATION AND ITEM INFORMATION (KOHA)
Withdrawn status [LOCAL, KOHA] 0
952 ## - LOCATION AND ITEM INFORMATION (KOHA)
Withdrawn status [LOCAL, KOHA] 0
952 ## - LOCATION AND ITEM INFORMATION (KOHA)
Withdrawn status [LOCAL, KOHA] 0
952 ## - LOCATION AND ITEM INFORMATION (KOHA)
Withdrawn status [LOCAL, KOHA] 0
Holdings
Permanent Location Date acquired Koha item type Lost status Shelving location Barcode Current Location Full call number
Library Block B2015-10-19AVM B088RUA016057Library Block BAVM SEO 2009 B088 Or.1
Library Block B2015-10-19AVM B088RUA015914Library Block BAVM SEO 2009 B088 Or.2
Library Block B2015-10-19AVM B088RUA017285Library Block BAVM SEO 2009 B088 Or.3
Library Block B2015-10-19AVM B088RUA017312Library Block BAVM SEO 2009 B088 Or.4
Library Block B2015-10-19AVM B088RUA009334Library Block BAVM SEO 2009 B088 Or.5
Library Block B2015-10-19AVM B088RUA006980Library Block BAVM SEO 2009 B088 Or.6
Library Block B2015-10-19AVM B088RUA006818Library Block BAVM SEO 2009 B088 Or.7
Library Block B2015-10-19AVM B088RUA006842Library Block BAVM SEO 2009 B088 Or.8
មជ្ឈមណ្ឌលឯការនៃសាកលវិទ្យាល័យភូមិន្ទកសិកម្មចំការដូង

Powered by Koha